000 00399pab a2200169 454500
008 180718b1999 xxu||||| |||| 00| 0 eng d
100 _aMitra, Soumya K.
245 _aRecovery must hinge on trade
260 _c1999
300 _ap.6
362 _a13 Jun
650 _aEconomic reform
650 _aPublic finance
650 _aEconomic recovery
773 _aEconomic Times
909 _a42436
999 _c42436
_d42436